<?xml version="1.0" encoding="UTF-8"?>
<record
    xmlns:xsi="http://www.w3.org/2001/XMLSchema-instance"
    xsi:schemaLocation="http://www.loc.gov/MARC21/slim http://www.loc.gov/standards/marcxml/schema/MARC21slim.xsd"
    xmlns="http://www.loc.gov/MARC21/slim">

  <leader>01646nam a22001937a 4500</leader>
  <controlfield tag="008">241222b        |||||||| |||| 00| 0 eng d</controlfield>
  <datafield tag="020" ind1=" " ind2=" ">
    <subfield code="a">9993359629</subfield>
  </datafield>
  <datafield tag="082" ind1=" " ind2=" ">
    <subfield code="2">23rd</subfield>
    <subfield code="a">N320.5/Po346r</subfield>
  </datafield>
  <datafield tag="100" ind1=" " ind2=" ">
    <subfield code="a">&#x92A;&#x94B;&#x916;&#x930;&#x947;&#x932;, &#x915;&#x943;&#x937;&#x94D;&#x923;</subfield>
  </datafield>
  <datafield tag="241" ind1=" " ind2=" ">
    <subfield code="a">Rajnitik chintanko bishleshan / Krishna Pokharel.</subfield>
  </datafield>
  <datafield tag="245" ind1=" " ind2=" ">
    <subfield code="a">&#x930;&#x91C;&#x928;&#x940;&#x924;&#x93F;&#x915; &#x91A;&#x93F;&#x928;&#x94D;&#x924;&#x928;&#x915;&#x94B; &#x92C;&#x93F;&#x936;&#x94D;&#x932;&#x947;&#x937;&#x923; /</subfield>
    <subfield code="c">&#x915;&#x943;&#x937;&#x94D;&#x923; &#x92A;&#x94B;&#x916;&#x930;&#x947;&#x932;.</subfield>
  </datafield>
  <datafield tag="246" ind1=" " ind2=" ">
    <subfield code="a">Political thought analysis</subfield>
  </datafield>
  <datafield tag="260" ind1=" " ind2=" ">
    <subfield code="a">&#x935;&#x93F;&#x930;&#x93E;&#x91F;&#x928;&#x917;&#x930;: </subfield>
    <subfield code="b">&#x936;&#x94D;&#x92F;&#x93E;&#x92E; &#x92A;&#x941;&#x938;&#x94D;&#x924;&#x915; &#x92D;&#x923;&#x94D;&#x921;&#x93E;&#x930;,</subfield>
    <subfield code="c">&#x968;&#x966;&#x96C;&#x967;&#x935;&#x93F;.</subfield>
  </datafield>
  <datafield tag="300" ind1=" " ind2=" ">
    <subfield code="a">                                                                                                                                                                                                                                                                                                                                                                                                                                                                                                                                                                                                                                                                                                                                               154p.                                                                                                                                  &#x967;&#x96B;&#x96A;</subfield>
  </datafield>
  <datafield tag="504" ind1=" " ind2=" ">
    <subfield code="a">Includes bibliography.</subfield>
  </datafield>
  <datafield tag="650" ind1=" " ind2=" ">
    <subfield code="a">&#x930;&#x93E;&#x91C;&#x928;&#x940;&#x924;&#x93F;&#x915; &#x91A;&#x93F;&#x928;&#x94D;&#x924;&#x928; </subfield>
  </datafield>
  <datafield tag="650" ind1=" " ind2=" ">
    <subfield code="a">&#x930;&#x93E;&#x91C;&#x928;&#x940;&#x924;&#x93F;&#x936;&#x93E;&#x938;&#x94D;&#x924;&#x94D;&#x930;</subfield>
  </datafield>
  <datafield tag="942" ind1=" " ind2=" ">
    <subfield code="2">ddc</subfield>
    <subfield code="c">ISBN</subfield>
  </datafield>
  <datafield tag="999" ind1=" " ind2=" ">
    <subfield code="c">118654</subfield>
    <subfield code="d">118642</subfield>
  </datafield>
  <datafield tag="952" ind1=" " ind2=" ">
    <subfield code="0">0</subfield>
    <subfield code="1">0</subfield>
    <subfield code="2">ddc</subfield>
    <subfield code="4">0</subfield>
    <subfield code="7">0</subfield>
    <subfield code="a">TUCL</subfield>
    <subfield code="b">TUCL</subfield>
    <subfield code="d">2024-12-22</subfield>
    <subfield code="l">0</subfield>
    <subfield code="o">N320.5/Po346r</subfield>
    <subfield code="p">IS2910</subfield>
    <subfield code="r">2024-12-22 12:35:08</subfield>
    <subfield code="w">2024-12-22</subfield>
    <subfield code="y">ISBN</subfield>
  </datafield>
</record>
